| 000 | 01234nam2a2200229 4500 | ||
|---|---|---|---|
| 001 | RU\NLR\bibl\2012946 | ||
| 005 | 20250616213940.0 | ||
| 035 | _a(NLR Aleph) 002001432 | ||
| 090 |
_a4364806 _c4364806 |
||
| 100 | _a20130319d2007 |||y0rusy50 ca | ||
| 101 | 0 | _arus | |
| 102 | _aRU | ||
| 105 | _ay ||||||||| | ||
| 200 | 0 | _aКн. 1 | |
| 215 | _a239 с. | ||
| 327 | 1 | _aСодерж.: Баратынский; Барышня-крестьянка; Выстрел; Гробовщик; Евгений Онегин: десятая гл., Песнь IX, Путешествие Онегина (Странствия); История села Горюхина; Каменный гость; Стихи | |
| 461 | 0 |
_1001RU\NLR\bibl\2015409 _12001#$aБолдинские произведения, 1830$vКн. 1 _94396893 _aПушкин, А. С. (поэт ; 1799-1837) _cБолдино _d2007 _fА.С. Пушкин _n[б. и.] _oк 175-летию "Болдинской осени" : [сувенирный набор из двух книг в футляре] _tБолдинские произведения, 1830 _y9785749312119 _vКн. 1 |
|
| 801 | 0 |
_aRU _bNLR _c20130319 _gRCR |
|
| 801 | 1 |
_aRU _bNLR _c20130319 |
|
| 942 | _cBOOK | ||
| 980 | _aNB | ||